| 000 | 01081cad a22002535a 4500 | ||
|---|---|---|---|
| 008 | 230526s2012 xxk f f 001 0 eng d | ||
| 020 | _a97817842197998 | ||
| 041 | 0 | _aeng | |
| 110 | 2 |
_aRoyal Institution of Chartered Surveyors _94900 |
|
| 240 | 0 | 0 | _aRed Book |
| 245 | 0 | 0 |
_aApplication of the RICS Valuation - Professional Standards in the United States _h[electronic resource] |
| 260 |
_aLondon _bRICS _cJuly 2012 |
||
| 300 | _a17p. | ||
| 490 | 0 | _aRICS Professional Standards | |
| 490 | 0 | _aRICS Guidance Note | |
| 490 | 0 | _aRICS Valuation Standards | |
| 490 | _aRICS Red Book | ||
| 505 | 2 | _aThis guidance note provides assistance to RICS members on the application of the Red Book 2012 to valuations that have to be provided in compliance with US jurisdiction. | |
| 650 | 2 | 4 | _aRICS VALUATION STANDARDS |
| 651 | 4 | _aSweden | |
| 690 |
_aValuation _96273 |
||
| 856 | 4 | 0 |
_uhttps://www.rics.org/content/dam/ricsglobal/documents/standards/application_of_the_rics_valuation_professional_standards_in_the_united_states_1st_edition_rics.pdf _zView on RICS.org |
| 942 |
_n0 _2ddc |
||
| 999 |
_c121528 _d121528 |
||